000
00329nam a22001337a 4500
008
180917b xxu||||| |||| 00| 0 eng d
020
_a
9780323056625
041
_a
eng
080
_2
7 ED
_a
610.73
100
_a
3
101
_a
SHM
245
_a
Health Promotion Throughout The Life Span
_c
Mnadle E
942
_2
udc
_c
BK
999
_c
47848
_d
47848